Manudvādaśa. (Record no. 62288)

MARC details
000 -LEADER
fixed length control field 00495cam a22002171 4500
001 - CONTROL NUMBER
control field sa 65001855
003 - CONTROL NUMBER IDENTIFIER
control field DLC
005 - DATE AND TIME OF LATEST TRANSACTION
control field 20260227112112.0
008 - FIXED-LENGTH DATA ELEMENTS--GENERAL INFORMATION
fixed length control field 890714s1964 ii 000 1 beno
010 ## - LIBRARY OF CONGRESS CONTROL NUMBER
LC control number sa 65001855
035 ## - SYSTEM CONTROL NUMBER
System control number (OCoLC)20010622
040 ## - CATALOGING SOURCE
Original cataloging agency DLC
Transcribing agency WaU
Modifying agency DLC
042 ## - AUTHENTICATION CODE
Authentication code premarc
050 00 - LIBRARY OF CONGRESS CALL NUMBER
Classification number PK1718.M5
Item number M3
100 1# - MAIN ENTRY--PERSONAL NAME
Personal name Mitra, Premendra.
245 10 - TITLE STATEMENT
Title Manudvādaśa.
260 ## - PUBLICATION, DISTRIBUTION, ETC.
Date of publication, distribution, etc. [1964]
300 ## - PHYSICAL DESCRIPTION
Extent 146 p.
Dimensions 19 cm.
500 ## - GENERAL NOTE
General note In Bengali.
500 ## - GENERAL NOTE
General note A novel.

No items available.

Powered by Koha